LEADER 01118nam0-22003971i-450- 001 990001495890403321 010 $a3-540-43008-3 035 $a000149589 035 $aFED01000149589 035 $a(Aleph)000149589FED01 035 $a000149589 100 $a20020826d2002----km-y0itay50------ba 101 0 $aeng 102 $aDE 105 $aa---a---001yy 200 1 $aConformal geometry of surfaces in S4 and quaternios$fF. E. Burstall ...[e altri] 210 $aBerlin$cSpringer$dc2002 215 $aviii, 86 p.$d24 cm 225 1 $aLecture Notes in Mathematics$v1772 610 0 $aGeometria differenziale globale 610 0 $aGeometria differenziale conforme 676 $a516.362$v21 700 1$aBurstall,$bF.E. 700 1$aFerus,$bD. 700 1$aLeschke,$bK. 700 1$aPedit,$bF. 700 1$aPinkall,$bU. 801 0$aIT$bUNINA$gRICA$2UNIMARC 901 $aBK 912 $a990001495890403321 952 $aC-20-(1772$b18859$fMA1 959 $aMA1 962 $a53C42 962 $a53A30 996 $aConformal geometry of surfaces in S4 and quaternios$9377572 997 $aUNINA LEADER 02148oam 2200505I 450 001 9910702120903321 005 20130502121046.0 035 $a(CKB)5470000002424932 035 $a(OCoLC)826999412 035 $a(OCoLC)995470000002424932 035 $a(EXLCZ)995470000002424932 100 $a20130208d2012 ua 0 101 0 $aeng 135 $aurcn||||||||| 181 $2rdacontent 182 $2rdamedia 183 $2rdacarrier 200 10$aDocumentation of the evaluation of CALPUFF and other long range transport models using tracer field experiment data /$fby ENVIRON International Corporation ; prepared for Tyler Fox 210 1$aResearch Triangle Park, NC :$cU.S. Environmental Protection Agency, Office of Air Quality Planning and Standards, Air Quality Assessment Division, Air Quality Modeling Group,$d2012. 215 $a1 online resource (247 unnumbered pages) $cillustrations (some color), color maps 300 $aTitle from title screen (viewed on Jan 25, 2013). 300 $a"May 2012". 300 $a"EPA-454/R-12-003". 320 $aIncludes bibliographical references (pages 142-147). 606 $aAir quality$xSimulation methods 606 $aAir$xPollution$xComputer simulation 606 $aAtmospheric diffusion$xComputer simulation 606 $aAir quality$xMeasurement 606 $aAir$xPollution$xMathematical models 606 $aAtmospheric diffusion$xMathematical models 615 0$aAir quality$xSimulation methods. 615 0$aAir$xPollution$xComputer simulation. 615 0$aAtmospheric diffusion$xComputer simulation. 615 0$aAir quality$xMeasurement. 615 0$aAir$xPollution$xMathematical models. 615 0$aAtmospheric diffusion$xMathematical models. 701 $aFox$b Tyler$01390212 712 02$aUnited States.$bEnvironmental Protection Agency.$bAir Quality Modeling Group, 801 0$bGPO 801 1$bGPO 801 2$bGPO 906 $aBOOK 912 $a9910702120903321 996 $aDocumentation of the evaluation of CALPUFF and other long range transport models using tracer field experiment data$93442763 997 $aUNINA